English Idiomatic Expressions in Business Communication

Problematika anglických frazeologických spojení v oblasti obchodu a diplomacie. Ciele vedecko-výskumného projektu KEGA na Fakulte aplikovaných jazykov Ekonomickej univerzity v Bratislave.

Salvato in:
Dettagli Bibliografici
Autore principale: Rusiňáková, Jarmila, 1959-
Natura: Capitolo di libro
Lingua:inglese
Soggetti:
Tags: Aggiungi Tag
Nessun Tag, puoi essere il primo ad aggiungerne!!

MARC

LEADER 00000naa$a2200000$$$4500
001 0247821
005 20240502083702.5
041 0 |a eng 
044 |a RU 
245 1 0 |a English Idiomatic Expressions in Business Communication  |c J. Rusiňáková 
520 |a Problematika anglických frazeologických spojení v oblasti obchodu a diplomacie. Ciele vedecko-výskumného projektu KEGA na Fakulte aplikovaných jazykov Ekonomickej univerzity v Bratislave. 
610 2 0 |a jazyky cudzie 
610 2 0 |a angličtina 
610 2 0 |a frazeológia 
610 2 0 |a vzdelávanie 
610 2 0 |a projekty 
610 2 0 |a univerzity 
100 1 |a Rusiňáková, Jarmila, 1959-